000 00344nam a2200121Ia 4500
008 240731s9999 xx 000 0 und d
022 _a1469-9915
245 0 _aNew Genetics and Society : Critical Studies of Contemporary Biosciences
260 _bRoutledge
856 _uhttps://www.tandfonline.com/loi/cngs20
942 _2ddc
942 _cTFEJ
999 _c78700
_d78700
945 _a1
_bMadushi Gamage
_c1
_dMadushi Gamage